Statistics for F1 Podiums 1986

Click here to take the quiz!

General Stats

  • This quiz has been taken 102 times
  • The average score is 8 of 10

Answer Stats

Answer% Correct
Ayrton Senna
100%
Alain Prost
98%
Nigel Mansell
98%
Nelson Piquet
97%
Gerhard Berger
78%
Michele Alboreto
78%
Keke Rosberg
67%
Stefan Johansson
60%
Teo Fabi
57%
Jacques Laffite
52%

Score Distribution

Percentile by Number Answered

Percent of People with Each Score

Your Score History

You have not taken this quiz